|
|
|
|
| LEADER |
00000cam a2200000 a 4500 |
| 001 |
50528 |
| 005 |
20230308161115.0 |
| 008 |
956040|1951 ||||||||r|||||||||||spa|| |
| 040 |
|
|
|b spa
|
| 041 |
1 |
|
|a spa
|
| 082 |
0 |
|
|a 909
|
| 100 |
1 |
|
|a Pirenne, Jacques
|9 23565
|
| 245 |
|
|
|a Desde los orígenes hasta nuestros días. Desde los orígenes al Islam
|c Jacques Pirenne, trad. Julio López Oliván, José Plá
|h imp
|
| 264 |
|
|
|a Barcelona
|b Luis de Caralt
|c 1951
|
| 300 |
|
|
|a 519 páginas:
|c 27.5 cm
|
| 490 |
|
|
|a Grandes corrientes de la historia universal
|n tomo 1
|
| 504 |
|
|
|a incl. ref.
|
| 520 |
3 |
|
|a HAMMURABI: soberano de Babilonia. Reinó de 1955 a 1912 a.c.. Fundo y gobernó el imperio Babilonico
|
| 650 |
1 |
|
|a Hammurabi codigo
|9 23560
|
| 650 |
1 |
|
|a Codigo hammurabi
|9 23561
|
| 650 |
1 |
|
|a Babilonia
|9 9106
|
| 650 |
1 |
|
|a Islam
|9 8071
|
| 852 |
|
|
|a UC-CDJBV
|c TERCER PISO
|f Compra
|k margarita.gutierrez
|l 1
|m Limitada
|p 19560404
|t 50528
|b 1
|d CDRC
|e CDRC
|g 909 TERCER PISO
|z 1956-60-40
|
| 942 |
|
|
|c BK
|
| 999 |
|
|
|c 13318
|d 13318
|